Zeitschrift für allgemeine Wissenschaftstheorie

Salvato in:
Dettagli Bibliografici
Natura: Periodico
Lingua:tedesco
Pubblicazione: Wiesbaden Steiner 1979
Tags: Aggiungi Tag
Nessun Tag, puoi essere il primo ad aggiungerne!!

MARC

LEADER 00000nas2a2200000 4500
001 s125060
005 20250730114227.6
041 0 |a ger 
044 |a DE 
245 1 0 |a Zeitschrift für allgemeine Wissenschaftstheorie 
264 1 |a Wiesbaden  |b Steiner  |c 1979 
300 |a 1 zv. 
773 0 |w eu_un_cat*s125061